000 02369nam a22003497a 4500
001 104677
003 KnowledgeUnlatched
005 20210303105126.0
006 m o d
007 cr u||||||||||
008 210129p20162019xx o u00| u eng d
037 _5BiblioBoard
245 0 0 _aPer una storia romanza del rythmus caudatus continents
_bTesti e manoscritti dell'area galloromanza /
_cMassimiliano Gaggero.
020 _a9788867054862
029 1 _ahttps://library.biblioboard.com/ext/api/media/3458167c-50cf-4daa-a873-eefd84511d84/assets/thumbnail.jpg
040 _aScCtBLL
_cScCtBLL
100 1 _aGaggero , Massimiliano
_eauthor.
264 1 _bLedizioni - LediPublishing,
300 _a1 online resource (376 p.)
506 0 _aAccess copy available to the general public.
_fUnrestricted
_2star
520 _aIl rythmus caudatus continens è una tipologia metrica attestata nel Medioevo dalle Artes rythmicae latine e diffusa nelle letterature francese, provenzale, italiana e catalana, in un periodo che va dal XII al XV secolo e oltre. Pur senza costituire un genere letterario, i testi scritti in rythmus caudatus continens presentano, nelle diverse letterature, importanti somiglianze tematiche. Questo libro offre una sintesi della circolazione del metro partendo dallo studio dei testi composti nell'area galloromanza, che intreccia analisi metrico-stilistica, contenutistica e filologica. Vengono così descritte le costanti e i punti di snodo della tradizione, e presentate delle ipotesi sul modo in cui il rythmus caudatus continens è stato trasmesso alle letterature italiana e catalana, costituendosi in tal modo come un elemento importante della coesione del sistema letterario europeo del Medioevo.
588 0 _aDescription based on print version record.
590 _aKU Open Services
650 7 _aLiterary Collections / European / French
_2bisacsh
655 7 _aAnthologies
_2lcgft
655 0 _aElectronic books.
758 _iIs found in:
_aKnowledge Unlatched
_1https://openresearchlibrary.org/module/2774bc74-146a-484f-a7ba-ab1d6a09bbfb
856 4 0 _uhttps://openresearchlibrary.org/content/3458167c-50cf-4daa-a873-eefd84511d84
_zView this content on Open Research Library.
_70
999 _c33684
_d33684